Szczegóły MARC21

Logika praktyczna /

005 -DATA I CZAS OSTATNIEJ MODYFIKACJI [,]
    • @
    • pole kontrolne
    • 20110906183259.0
020 -Międzynarod. znormalizowany nr książki - ISBN [ , ]
    • a
    • Numer ISBN
    • 8301119020 Find
040 -Instytucja sporządzająca opis [ , ]
    • a
    • Instytucja, która sporządziła opis (NP)
    • SZCZ U
    • c
    • Instytucja, która sporządziła rekord (NP)
    • SZCZ U
    • d
    • Instytucja, która zmodyfikowała rekord (P)
    • SZCZ U/AP
041 -Język dokumentu [0, ]
    • a
    • Język tekstu (P)
    • polski
    • h
    • Język tekstu oryginalnego i/lub pośredniego (P)
    • polski
044 -Kraj miejsca wydania [ , ]
    • a
    • Kraj miejsca wydania
    • Polska
942 -Rodzaj dokumentu [ , ]
    • c
    • Rodzaj dokumentu
    • Książka
100 -Hasło główne - nazwa osobowa [1,0]
    • 9
    • KHW
    • 932
    • a
    • Nazwa osobowa (NP)
    • Ziembiński, Zygmunt
    • d
    • Daty biograficzne (NP)
    • (1920-1996).
240 -Tytuł ujednolicony [1,0]
    • 9
    • KHW
    • 1007
    • a
    • Tytuł ujednolicony
    • Logika praktyczna
    • l
    • Język tekstu
    • (pol.)
245 -Strefa tytułu i oznaczenia odpowiedzialności [1,0]
    • a
    • Tytuł
    • Logika praktyczna / Find
    • c
    • Pozostałe elementy strefy tytułu i oznaczenia odpowiedzialności (NP)
    • Zygmunt Ziembiński.
250 -Strefa wydania [ , ]
    • a
    • Oznaczenie wydania (NP)
    • Wyd. 21.
260 -Strefa adresu wydawniczego [ , ]
    • a
    • Miejsce wydania (P)
    • Warszawa :
    • b
    • Nazwa wydawcy (P)
    • Wydawnictwo Naukowe PWN,
    • c
    • Data wydania (P)
    • 1998.
300 -Strefa opisu fizycznego [ , ]
    • a
    • Określenie formy książki i/lub objętość (NP)
    • 282 s. :
    • b
    • Oznaczenie ilustracji (NP)
    • il. ;
    • c
    • Format (NP)
    • 24 cm.
504 -Uwaga dot. bibliogr. załącznikowej [ , ]
    • a
    • Uwaga dot. bibliografii załącznikowej
    • Ind.
505 -Uwaga dot. zawartości książki [ , ]
    • a
    • Uwaga dot. zawartości książki
    • Zawiera aneks: Elementy rachunku predykatów / Kazimierz Świrydowicz.
080 -Uniwersalna Klasyfikacja Dziesiętna [ , ]
    • a
    • Symbol klasyfikacji
    • 161/164
    • 2
    • Identyfikator wydania tablic
    • UDC-P058
    • 9
    • UKD
    • 2463
    • b
    • Dopowiedzenie
    • Logika.
    • 4
    • UKD2
    • 7665
    • x
    • Poddział wspólny
    • (075.8)
    • c
    • Dopowiedzenie poddz. wspólnego
    • (Podręczniki dla szkół wyższych. Skrypty).
980 -Symbol UKD [ , ]
    • a
    • UKD
    • 161/164(075.8)
700 -Hasło dodatkowe - nazwa osobowa [1, ]
    • 9
    • KHW
    • 1008
    • a
    • Nazwa osobowa (NP)
    • Świrydowicz, Kazimierz Find
    • t
    • Tytuł ujednolicony/tytuł (NP)
    • Elementy rachunku predykatów Find
    • l
    • Język tekstu (NP)
    • (pol.)
    • d
    • Daty biograficzne (NP)
    • (1951- ).
920 -ISBN [ , ]
    • a
    • ISBN
    • 83-01-11902-0 Find
Lokalizacja Data inwentaryzacji Numer inwentarzowy Status udost.
BE1999-04-29S.835782
BE1999-04-29S.835792
BE1999-04-29S.835802
BE1999-04-29S.835812
BE1999-04-29S.83582-6
BE1999-04-29S.835832
BE2001-04-12S.87841-3
BE2005-04-06S.91756-2
T1999-04-29T.541-3
T1999-04-29T.542-3